<?xml version="1.0" encoding="UTF-8"?>
<record
    xmlns:xsi="http://www.w3.org/2001/XMLSchema-instance"
    xsi:schemaLocation="http://www.loc.gov/MARC21/slim http://www.loc.gov/standards/marcxml/schema/MARC21slim.xsd"
    xmlns="http://www.loc.gov/MARC21/slim">

  <leader>02382cam a22002894a 4500</leader>
  <datafield tag="020" ind1=" " ind2=" ">
    <subfield code="a">0821354221</subfield>
  </datafield>
  <datafield tag="040" ind1=" " ind2=" ">
    <subfield code="c">DLC</subfield>
  </datafield>
  <datafield tag="082" ind1=" " ind2=" ">
    <subfield code="a">330 WOR 2003 A076 Or.</subfield>
  </datafield>
  <datafield tag="110" ind1="2" ind2=" ">
    <subfield code="a">World Bank.</subfield>
  </datafield>
  <datafield tag="245" ind1="1" ind2="0">
    <subfield code="a">World Development Indicators 2003</subfield>
  </datafield>
  <datafield tag="260" ind1=" " ind2=" ">
    <subfield code="a">Washington, D.C. :</subfield>
    <subfield code="b">The World Bank,</subfield>
    <subfield code="c">2003.</subfield>
  </datafield>
  <datafield tag="300" ind1=" " ind2=" ">
    <subfield code="a">1 online resource (416 p.)</subfield>
  </datafield>
  <datafield tag="490" ind1="1" ind2=" ">
    <subfield code="a">World Development Indicators</subfield>
  </datafield>
  <datafield tag="520" ind1="3" ind2=" ">
    <subfield code="a">World Development Indicators (WDI) is the World Bank's premier annual compilation of data about development. The 400-page print edition allows users to consult 600 indicators for 152 economies and 14 country groups in more than 87 tables. A current overview of the most recent data available as well as important regional data and income group analysis are presented in six thematic chapters: World View, People, Environment, Economy, States and Markets, and Global Links. Sample indicator topics include: Population &amp; demographics Poverty &amp; income distribution Energy Production &amp; Use Urbanization Emissions Adjusted Savings Purchasing Power Parity Exports &amp; Imports Balance of Payments External Debt Tax and Trade Policies Military Expenditures Transportation Development Assistance &amp; Aid Information Technology Education &amp; health Travel &amp; Tourism GDP, GNI, etc. Reliable quantitative data is essential for understanding economic and social development because it provides evidence-evidence to set policies, monitor progress, and evaluate results. World Development Indicators allows users to monitor progress toward the Millennium Development Goals. These goals, agreed to by all member states of the United Nations, establish specific, measurable targets for development in the early 21st century. In addition to the most recent data presented in the print edition, complete time-series data from 1960 onwards are available in the CD-ROM and online versions of World Development Indicators.</subfield>
  </datafield>
  <datafield tag="650" ind1=" " ind2="4">
    <subfield code="a">E-Business.</subfield>
  </datafield>
  <datafield tag="650" ind1=" " ind2="4">
    <subfield code="a">Environment.</subfield>
  </datafield>
  <datafield tag="650" ind1=" " ind2="4">
    <subfield code="a">Environmental Economics and Policies.</subfield>
  </datafield>
  <datafield tag="650" ind1=" " ind2="4">
    <subfield code="a">Finance and Financial Sector Development.</subfield>
  </datafield>
  <datafield tag="650" ind1=" " ind2="4">
    <subfield code="a">Financial Literacy.</subfield>
  </datafield>
  <datafield tag="650" ind1=" " ind2="4">
    <subfield code="a">Health Monitoring and Evaluation.</subfield>
  </datafield>
  <datafield tag="650" ind1=" " ind2="4">
    <subfield code="a">Health, Nutrition and Population.</subfield>
  </datafield>
  <datafield tag="650" ind1=" " ind2="4">
    <subfield code="a">Population Policies.</subfield>
  </datafield>
  <datafield tag="650" ind1=" " ind2="4">
    <subfield code="a">Private Sector Development.</subfield>
  </datafield>
  <datafield tag="710" ind1="2" ind2=" ">
    <subfield code="a">World Bank.</subfield>
  </datafield>
  <datafield tag="856" ind1="4" ind2="0">
    <subfield code="u">http://elibrary.worldbank.org/content/book/9780821354223</subfield>
  </datafield>
  <datafield tag="942" ind1=" " ind2=" ">
    <subfield code="c">EK</subfield>
  </datafield>
  <datafield tag="999" ind1=" " ind2=" ">
    <subfield code="c">15289</subfield>
    <subfield code="d">15289</subfield>
  </datafield>
  <datafield tag="952" ind1=" " ind2=" ">
    <subfield code="0">0</subfield>
    <subfield code="1">0</subfield>
    <subfield code="4">0</subfield>
    <subfield code="6">330_000000000000000_WOR_2003_A076_OR</subfield>
    <subfield code="7">0</subfield>
    <subfield code="9">68241</subfield>
    <subfield code="a">LBA</subfield>
    <subfield code="b">LBA</subfield>
    <subfield code="c">A076</subfield>
    <subfield code="d">2017-11-15</subfield>
    <subfield code="o">330 WOR 2003 A076 Or.</subfield>
    <subfield code="p">A06296</subfield>
    <subfield code="r">2017-11-15</subfield>
    <subfield code="w">2017-11-15</subfield>
    <subfield code="y">EK</subfield>
  </datafield>
</record>
